Rust Belt Cities Map Quiz - Statistics

General Stats
  • This quiz has been taken 35,269 times
  • The average score is 9 of 12
Answers on the Map
Answers color-coded by a green-red scale on the quiz's map according to % correct below.
 
Answer Stats
Answer % Correct
Chicago
92%
Pittsburgh
89%
Buffalo
88%
Detroit
88%
Milwaukee
86%
St. Louis
79%
Flint
77%
Cleveland
76%
Cincinnati
74%
Toledo
52%
Akron
50%
Dayton
50%
No matching quizzes found
Score Distribution
Percent of People with Each Score
Percentile by Number Answered
Your Score History
You have not taken this quiz